Architectural theory of modernism : (Record no. 607850)

000 -LEADER
fixed length control field 01287cam a2200337 i 4500
001 - CONTROL NUMBER
control field 18860302
003 - CONTROL NUMBER IDENTIFIER
control field OSt
005 - DATE AND TIME OF LATEST TRANSACTION
control field 20240219124347.0
008 - FIXED-LENGTH DATA ELEMENTS--GENERAL INFORMATION
fixed length control field 151116s2016 nyu b 001 0 eng
010 ## - LIBRARY OF CONGRESS CONTROL NUMBER
LC control number 2015045147
020 ## - INTERNATIONAL STANDARD BOOK NUMBER
International Standard Book Number 9781138642478 (hb : alk. paper)
020 ## - INTERNATIONAL STANDARD BOOK NUMBER
International Standard Book Number 9781138642485 (pb : alk. paper)
020 ## - INTERNATIONAL STANDARD BOOK NUMBER
Canceled/invalid ISBN 9781315629964 (ebook)
040 ## - CATALOGING SOURCE
Original cataloging agency DLC
Language of cataloging eng
Transcribing agency DLC
Description conventions rda
Modifying agency DLC
041 1# - LANGUAGE CODE
Language code of text/sound track or separate title eng
Language code of original ger
042 ## - AUTHENTICATION CODE
Authentication code pcc
050 00 - LIBRARY OF CONGRESS CALL NUMBER
Classification number NA500
Item number .P6413 2016
082 00 - DEWEY DECIMAL CLASSIFICATION NUMBER
Classification number 720.1
Edition number 23
Author Mark POE
100 1# - MAIN ENTRY--PERSONAL NAME
Personal name Poerschke, Ute,
Relator term author.
9 (RLIN) 120712
240 10 - UNIFORM TITLE
Uniform title Funktionen und Formen.
Language of a work English
245 10 - TITLE STATEMENT
Title Architectural theory of modernism :
Remainder of title relating functions and forms /
Statement of responsibility, etc. Ute Poerschke.
260 ## - PUBLICATION, DISTRIBUTION, ETC.
Place of publication, distribution, etc. London:
Name of publisher, distributor, etc. Routledge;
Date of publication, distribution, etc. 2016.
300 ## - PHYSICAL DESCRIPTION
Extent viii, 241 pages ;
Dimensions 25 cm
500 ## - GENERAL NOTE
General note "First published 2014 as Funktionen und Formen. Architekturtheorie der Moderne by Bielefeld: Transcript."
504 ## - BIBLIOGRAPHY, ETC. NOTE
Bibliography, etc. note Includes bibliographical references (pages 222-235) and index.
650 #0 - SUBJECT ADDED ENTRY--TOPICAL TERM
Topical term or geographic name entry element Architecture, Modern.
9 (RLIN) 32028
650 #0 - SUBJECT ADDED ENTRY--TOPICAL TERM
Topical term or geographic name entry element Architecture
General subdivision Philosophy.
9 (RLIN) 9486
906 ## - LOCAL DATA ELEMENT F, LDF (RLIN)
a 7
b cbc
c orignew
d 1
e ecip
f 20
g y-gencatlg
942 ## - ADDED ENTRY ELEMENTS (KOHA)
Source of classification or shelving scheme
Koha item type Book
Institution code [OBSOLETE] SADA
Call number prefix 720.1 POE 2016
Holdings
Withdrawn status Lost status Source of classification or shelving scheme Damaged status Not for loan Permanent Location Current Location Date acquired Total Checkouts Full call number Barcode Date last seen Cost, replacement price Price effective from Koha item type
          School of Art Design and Architecture (SADA) School of Art Design and Architecture (SADA) 06/12/2017   720.1 POE 2016 SADA0002752 02/19/2024 3739.94 02/19/2024 Book
© 2023 Central Library, National University of Sciences and Technology. All Rights Reserved.